Handbook of Industrial Mixing : Science and Practice /

Furkejuvvon:
Bibliográfalaš dieđut
Váldodahkki: Paul, Edward L. (ed.)
Eará dahkkit: Atiemo-Obeng, Victor A. (edición) (edición), Kresta, Suzanne M. (edición) (edición)
Materiálatiipa: Girji
Giella:eaŋgalasgiella
Almmustuhtton: Hoboken, EUA : Wiley-Interscience, 2004, c2004
Fáttát:
Fáddágilkorat: Lasit fáddágilkoriid
Eai fáddágilkorat, Lasit vuosttaš fáddágilkora!

MARC

LEADER 00000nam^a2200000^a^4500
001 000165190
005 20250521000000.0
009 20260310101008.177
020 |a 0-471-26919-0 
037 |a Acervo ITESO - Biblioteca 
041 |a ING 
082 |a 660. 284292  |b PAU 
100 |a Paul, Edward L.  |e (ed.) 
245 1 0 |a Handbook of Industrial Mixing :  |b Science and Practice /  |c Ed. de E.L. Paul, V.A. Atiemo-Obeng, S.M. Kresta. 
264 4 |a Hoboken, EUA :  |b Wiley-Interscience,  |c 2004, c2004 
300 |a LXI, 1377 p. +  |e 1 disco compacto de computadora 
336 |a texto  |b txt  |2 rdacontenido 
337 |a sin mediación  |b n  |2 rdamedio 
338 |a volumen  |b nc  |2 rdasoporte 
521 |a 2014 BO Licenciatura en Ingeniería de Alimentos 
521 |a 2014 BO Licenciatura en Ingeniería Química 
530 |a Existe una edición en formato digital en línea con el mismo título 
649 |a XX 
650 |a Industria Química 
650 |a Mezcladoras -  |x Tema Principal 
650 |a Transferencia de Masa 
650 |a Operaciones Unitarias 
650 |a Ingeniería Química 
700 |a Atiemo-Obeng, Victor A.  |e (edición) 
700 |a Kresta, Suzanne M.  |e (edición) 
910 |a Fondo General 
920 |a Impresos - Libros 
930 |a Colección General 
905 |a 101 
901 |a 0500099832  |b IT1  |c ACC  |u 20250521 
901 |a 0500099835  |b IT1  |c ACC  |u 20250521 
901 |a 0500099815  |b IT2  |c SWS  |u 20250521 
901 |a 0500099812  |b IT2  |c SWS  |u 20250521 
902 |a https://opac.biblio.iteso.mx/vufind/Record/000165190